<?xml version="1.0" encoding="UTF-8"?>
<record
    xmlns:xsi="http://www.w3.org/2001/XMLSchema-instance"
    xsi:schemaLocation="http://www.loc.gov/MARC21/slim http://www.loc.gov/standards/marcxml/schema/MARC21slim.xsd"
    xmlns="http://www.loc.gov/MARC21/slim">

  <leader>01501nas a2200265 a 4500</leader>
  <controlfield tag="001">4096</controlfield>
  <controlfield tag="003">CDMR</controlfield>
  <controlfield tag="005">20170606153529.0</controlfield>
  <controlfield tag="008">130130c1992||||sp a||||||||||||||||spa|d</controlfield>
  <datafield tag="022" ind1=" " ind2=" ">
    <subfield code="a">1133-2743</subfield>
  </datafield>
  <datafield tag="040" ind1=" " ind2=" ">
    <subfield code="a">CDMR</subfield>
    <subfield code="b">cat</subfield>
    <subfield code="c">CDMR</subfield>
  </datafield>
  <datafield tag="245" ind1="0" ind2="0">
    <subfield code="a">Anuario internacional CIDOB</subfield>
  </datafield>
  <datafield tag="260" ind1=" " ind2=" ">
    <subfield code="a">Barcelona</subfield>
    <subfield code="c">1992-</subfield>
    <subfield code="b">Ediciones CIDOB</subfield>
  </datafield>
  <datafield tag="300" ind1=" " ind2=" ">
    <subfield code="a">v.</subfield>
    <subfield code="c">27 cm</subfield>
  </datafield>
  <datafield tag="500" ind1=" " ind2=" ">
    <subfield code="a">Subt&#xED;tol de les edicions de 1992-1993: Cambios y actores en la realidad internacional..., algunas claves para interpretarlos ;</subfield>
  </datafield>
  <datafield tag="500" ind1=" " ind2=" ">
    <subfield code="a">Subt&#xED;tol de les edicions de 1994- : Claves para interpretar la Pol&#xED;tica Exterior Espa&#xF1;ola y las Relaciones Internacionales</subfield>
  </datafield>
  <datafield tag="500" ind1=" " ind2=" ">
    <subfield code="a">A partir de l'edici&#xF3; 1994, canvia ISBN per ISSN</subfield>
  </datafield>
  <datafield tag="500" ind1=" " ind2=" ">
    <subfield code="a">A partir de 2010 Edicions CIDOB substitueix Fundaci&#xF3; CIDOB com a responsable editorial </subfield>
  </datafield>
  <datafield tag="505" ind1=" " ind2=" ">
    <subfield code="a">Cont&#xE9;: Perfiles de pa&#xED;ses, 1996.- India  ; 1997.- Turqu&#xED;a ; 1998.- Rusia ; 1999.- China ; 2000.- M&#xE9;xico ; 2001.- Marruecos ; 2002.- Corea del Sur ; 2003.- Brasil ; 2004.- Sud&#xE1;frica; 2005.- Portugal  ; 2006.- Argelia ; 2008.- Nigeria y su entorno regional ; 2009.- Estados Unidos de Am&#xE9;rica ; 2010.- Federaci&#xF3;n Rusa ; 2011.- Turqu&#xED;a</subfield>
  </datafield>
  <datafield tag="650" ind1="0" ind2="4">
    <subfield code="9">3246</subfield>
    <subfield code="a">Espanya</subfield>
    <subfield code="x">Pol&#xED;tica</subfield>
    <subfield code="v">Anuaris</subfield>
  </datafield>
  <datafield tag="650" ind1="0" ind2="4">
    <subfield code="9">3994</subfield>
    <subfield code="a">Pol&#xED;tica mundial</subfield>
    <subfield code="v">Anuaris</subfield>
  </datafield>
  <datafield tag="710" ind1="2" ind2=" ">
    <subfield code="9">147</subfield>
    <subfield code="a">Centre d'Informaci&#xF3; i Documentaci&#xF3; Internacionals a Barcelona</subfield>
  </datafield>
  <datafield tag="856" ind1="4" ind2="0">
    <subfield code="u">http://www.cidob.org/es/publicaciones/anuarios/anuario_internacional_cidob</subfield>
    <subfield code="y">Disponible en l&#xED;nia</subfield>
    <subfield code="z">(Acc&#xE9;s lliure)</subfield>
  </datafield>
  <datafield tag="942" ind1=" " ind2=" ">
    <subfield code="c">SER</subfield>
    <subfield code="2">udc</subfield>
    <subfield code="s">1</subfield>
  </datafield>
  <datafield tag="999" ind1=" " ind2=" ">
    <subfield code="c">4096</subfield>
    <subfield code="d">4096</subfield>
  </datafield>
  <datafield tag="952" ind1=" " ind2=" ">
    <subfield code="0">0</subfield>
    <subfield code="1">0</subfield>
    <subfield code="4">0</subfield>
    <subfield code="7">0</subfield>
    <subfield code="a">LLEIDA</subfield>
    <subfield code="b">LLEIDA</subfield>
    <subfield code="d">2011-08-03</subfield>
    <subfield code="h">2000</subfield>
    <subfield code="l">0</subfield>
    <subfield code="o">326ANU</subfield>
    <subfield code="p">LLEIDA13119945</subfield>
    <subfield code="r">2013-01-16</subfield>
    <subfield code="w">2013-01-16</subfield>
    <subfield code="y">SER</subfield>
  </datafield>
  <datafield tag="952" ind1=" " ind2=" ">
    <subfield code="0">0</subfield>
    <subfield code="1">0</subfield>
    <subfield code="4">0</subfield>
    <subfield code="7">0</subfield>
    <subfield code="8">REF</subfield>
    <subfield code="a">CDMR</subfield>
    <subfield code="b">CDMR</subfield>
    <subfield code="d">2013-01-16</subfield>
    <subfield code="h">1991- 2006 ; 2008-</subfield>
    <subfield code="l">0</subfield>
    <subfield code="o">Ae</subfield>
    <subfield code="p">CDMR13119944</subfield>
    <subfield code="r">2013-01-16</subfield>
    <subfield code="w">2013-01-16</subfield>
    <subfield code="y">SER</subfield>
  </datafield>
</record>
